000 00935nam a2200253 i 4500
001 106467
003 ES-MaACL
005 20250812062525.0
007 t|
008 221106s1961 sp ||||1| spa d
080 _a94(460)
100 1 _aCepeda Adán, José.
_937430
245 1 0 _aEsquema para una historia de España /
_cJosé Cepeda Adán.
260 _aMadrid :
_bAteneo,
_c1961.
300 _a60 p. ;
_c19 cm.
490 1 _aColección "O crece o muere" ;
_v157
500 _aEste original fue dado a conocer en el curso desarrollado por el autor en el "Aula de Historia" del Ateneo de Madrid durante el año académico 1959-60 -- Verso portada.
610 2 _aAteneo de Madrid-
_vConferencias-
_y1940-1982.
_91908
651 4 _aEspaña-
_xHistoria.
_98209
710 2 _aAteneo de Madrid.
_91875
830 0 0 _aColección "O crece o muere"
_v157
_9183476
852 _aES-MaACL
_j2208-F-5
_bR.138053
999 _c106467
_d106467